| 000 -Cabeçalho do registo |
| Cabeçalho |
01238nam 22002053 4500 |
| 001 - Identificador do registo |
| Campo de controlo |
32639 |
| 010 ## - Número internacional normalizado dos livros (ISBN) |
| Número (ISBN) |
2-7260-0176-9 |
| 100 ## - Dados gerais de processamento |
| Dados gerais de processamento |
20260326d1995 u||y0engy50 ba |
| 101 ## - Língua de publicação |
| Língua do texto, banda sonora, etc. |
Inglês |
| 102 ## - Pais de publicação ou produção |
| País de publicação |
França |
| 200 ## - Titulo e menção de responsabilidade |
| Título próprio |
Mediterranean Sepiolidae |
| Informação de outro título |
Les sépioles de Méditerranée |
| Primeira menção de responsabilidade |
S. v. Boletzky, |
| Outras menções de responsabilidade |
Musée Oceanographique |
| 210 ## - Publicação, Distribuição, etc. |
| Lugar da edição, distribuição, etc. |
Mónaco |
| Data da publicação, distribuição, etc. |
1995 |
| 225 ## - Coleção |
| Título próprio da coleção |
N.º 16 |
| 300 ## - Notas gerais |
| Texto da nota |
Nota: Bulletin du Musée océanographique de Mónaco, n.º spécial 16 (1995) |
| 330 ## - Sumário ou Resumo |
| Texto da nota |
O volume especial do Bulletin de l'Institut océanographique de Mônaco, "Mediterranean Sepiolidae les sépioles de Méditerranée" (1995), editado por S. v. Boletzky, é uma compilação científica fundamental dedicada à biologia, ecologia e taxonomia das sépiolas (família Sepiolidae) no Mar Mediterrâneo.<br/>Este volume é um recurso essencial para a identificação precisa e compreensão da ecologia dos pequenos cefalópodes do Mediterrâneo |
| 345 ## - Nota informativa sobre aquisição |
| Modalidades de aquisição |
Oferta |
| 606 ## - Nome comum usado como assunto |
| Palavra de ordem |
Sepietta (gênero) Rossia macrosoma / |
| Subdivisão de assunto |
Neorossia caroli (espécies) Biodiversidade |
| -- |
Distribuição Chave de identificação dos sepiolídeos mediterrâneos |
| Subdivisão geográfica |
Mediterrâneo |
| Subdivisão cronológica |
19985 |
| 700 ## - Nome de autor-pessoa física (responsabilidade principal) |
| Palavra de ordem |
Boletzky, |
| Outra parte do nome não tomada para palavra de ordem |
S. v. |
| 701 ## - Nome de autor-pessoa física (co-responsabilidade principal) |
| Palavra de ordem |
Musée Oceanographique, Monaco |